000 00321nam a22001457a 4500
008 230515b ||||| |||| 00| 0 eng d
020 _a0306801906
041 _aeng
080 _a781
082 _a781OSB
100 _a20
101 _aMUZIK
245 _aTHE COMPLETE OPERAS OF MOZART
_cOSBORNE CH
942 _2udc
_cBK
999 _c59713
_d59713